[Event "Superettan(Orgryte-Malmo)"]
[Site "?"]
[Date "2016.01.30"]
[Round "5"]
[White "Schandorff, Lars"]
[Black "Ziegler, Ari"]
[Result "1-0"]
[WhiteElo "2506"]
[BlackElo "2295"]
[PlyCount "137"]
1. d4 Nf6 2. c4 g6 3. Nf3 Bg7 4. g3 O-O 5. Bg2 d6 6. O-O Nc6 7. Nc3 a6 8. Bf4
Rb8 9. Rc1 Bg4 10. d5 Na5 11. b3 c5 12. dxc6 bxc6 13. c5 Bxf3 14. Bxf3 e5 15.
Bg5 d5 16. Qd2 e4 17. Bg2 Nb7 18. b4 Qe8 19. f3 exf3 20. Bxf3 Ne4 21. Bxe4 dxe4
22. Bf6 Bxf6 23. Rxf6 a5 24. a3 axb4 25. axb4 Qd8 26. Nxe4 Qxd2 27. Nxd2 Nd8
28. Rc4 Ne6 29. Ne4 Ra8 30. Nd6 Kg7 31. Rf1 Ra4 32. Re4 Ra7 33. h4 h5 34. Rf3
Re7 35. g4 hxg4 36. Rxg4 Ra7 37. Re4 Rh8 38. Kf2 Rh5 39. Ne8+ Kh8 40. Nf6 Rf5
41. Rxf5 gxf5 42. Rc4 Re7 43. Nh5 Kh7 44. Kf3 Kg6 45. Nf4+ Kf6 46. Nxe6 fxe6
47. Rd4 Rb7 48. Ke3 Ke5 49. Kd3 Rh7 50. e3 Ra7 51. Kc4 Ra1 52. h5 Rh1 53. Rd6
Rh4+ 54. Kc3 Re4 55. Rxc6 Rxe3+ 56. Kd2 Rb3 57. Rb6 Rh3 58. b5 f4 59. c6 Rh2+
60. Kd3 Rh3+ 61. Kd2 Rh2+ 62. Kd3 Rh3+ 63. Kc4 Rh1 64. Rb7 f3 65. Rf7 Rh4+ 66.
Kc5 Rxh5 67. c7 Ke4+ 68. Kc6 Rf5 69. c8=Q 1-0

[Event "Superettan(Vaxjo-Kamraterna)"]
[Site "?"]
[Date "2016.01.30"]
[Round "5"]
[White "Svensson, Bengt"]
[Black "Aabling-Thomsen, Jakob"]
[Result "1/2-1/2"]
[WhiteElo "2339"]
[BlackElo "2345"]
[PlyCount "59"]
1. e4 c5 2. Nf3 d6 3. d4 cxd4 4. Nxd4 Nf6 5. Nc3 g6 6. Be3 Bg7 7. f3 O-O 8. Qd2
Nc6 9. O-O-O d5 10. exd5 Nxd5 11. Nxc6 bxc6 12. Bd4 Bxd4 13. Qxd4 Qb6 14. Na4
Qc7 15. Bc4 Rd8 16. g3 Bf5 17. Qc5 Nb6 18. Bb3 Rd6 19. Rhe1 Rad8 20. Rxd6 exd6
21. Qe3 Nxa4 22. Bxa4 Bd7 23. Qf4 Be6 24. Bb3 Qa5 25. Re3 d5 26. Qf6 Qb6 27.
Rxe6 fxe6 28. Qxe6+ Kg7 29. Qe7+ Kh6 30. Qh4+ 1/2-1/2

[Event "Superettan(Orgryte-Malmo)"]
[Site "?"]
[Date "2016.01.30"]
[Round "5"]
[White "Kumar, Rahul"]
[Black "Gajic, Mladen"]
[Result "0-1"]
[WhiteElo "2176"]
[BlackElo "2251"]
[PlyCount "76"]
1. g3 e6 2. Bg2 f5 3. d3 Nf6 4. c4 Bb4+ 5. Nc3 O-O 6. Qb3 a5 7. a3 Bxc3+ 8.
Qxc3 a4 9. h4 d6 10. Nf3 c5 11. Bd2 Nc6 12. e3 Bd7 13. Qc2 Na5 14. Bc3 Nb3 15.
Rd1 Bc6 16. O-O e5 17. Ng5 Qc8 18. Bh3 h6 19. Ne4 Qe6 20. Nxf6+ Qxf6 21. f4 Qe6
22. e4 Qg6 23. Kh2 fxe4 24. fxe5 dxe5 25. Bxe5 e3 26. Qe2 Nd4 27. Bxd4 cxd4 28.
Bg2 Kh8 29. Rxf8+ Rxf8 30. Rf1 Rxf1 31. Bxf1 Bd7 32. Qf3 Qg4 33. Qf8+ Kh7 34.
Bg2 Bf5 35. Bd5 Qh3+ 36. Kg1 Qxg3+ 37. Kh1 Qxh4+ 38. Kg1 Qf2+ 0-1

[Event "Superettan(Vaxjo-Kamraterna)"]
[Site "?"]
[Date "2016.01.30"]
[Round "5"]
[White "Olofsson-Dolk, Mattis"]
[Black "Andreasson, Ingvar"]
[Result "1/2-1/2"]
[WhiteElo "2263"]
[BlackElo "2375"]
[PlyCount "45"]
1. d4 b5 2. e4 Bb7 3. Bd3 e6 4. Nf3 c5 5. c3 c4 6. Bc2 Nf6 7. Bg5 Be7 8. Nbd2
d5 9. Bxf6 Bxf6 10. e5 Be7 11. O-O Nc6 12. Ne1 Qb6 13. f4 g6 14. Rb1 Rc8 15. b3
cxb3 16. Nxb3 Nb8 17. Qd2 Nd7 18. Bd3 O-O 19. Nc2 Qc7 20. Bxb5 Qxc3 21. Bxd7
Qxd2 22. Nxd2 Rxc2 23. Rxb7 1/2-1/2

[Event "Superettan(Rock,Sthlm II-Rock,Umea)"]
[Site "?"]
[Date "2016.01.17"]
[Round "6"]
[White "Forsberg, Viktor"]
[Black "Tuomainen, Felix"]
[Result "1-0"]
[WhiteElo "2370"]
[BlackElo "2055"]
[PlyCount "93"]
[EventDate "2016.??.??"]
1. d4 d5 2. c4 c6 3. Nf3 Nf6 4. Qc2 e6 5. g3 Nbd7 6. Bg2 Be7 7. O-O O-O 8. b3
a5 9. Nc3 Qc7 10. Bf4 Bd6 11. Bxd6 Qxd6 12. c5 Qe7 13. e4 dxe4 14. Nxe4 Nxe4
15. Qxe4 Nf6 16. Qc2 Rd8 17. Rfd1 Bd7 18. Ne5 Be8 19. Nc4 Qc7 20. a3 Nd7 21.
Be4 h6 22. Qc3 Nf6 23. Bf3 Nd5 24. Qe1 b5 25. Bxd5 cxd5 26. Nd6 Rdb8 27. Rd3
Bc6 28. Ra2 Qd7 29. Re3 a4 30. b4 Rf8 31. Qf1 Rab8 32. Rae2 Qe7 33. Re1 Qf6 34.
Qd3 g6 35. h4 h5 36. Rf3 Qg7 37. Rf4 Bd7 38. Qc3 Bc6 39. Qf3 Rbd8 40. Rf6 Rd7
41. Qf4 Re7 42. Re5 Kh7 43. Rg5 Kg8 44. Qe5 Ra7 45. g4 hxg4 46. h5 Kh7 47. Nxf7
1-0

[Event "Superettan(Rock,Sthlm II-Rock,Umea)"]
[Site "?"]
[Date "2016.01.17"]
[Round "6"]
[White "Bit-Narva, David"]
[Black "Eriksson, Jorgen"]
[Result "0-1"]
[WhiteElo "2096"]
[BlackElo "2206"]
[PlyCount "56"]
[EventDate "2016.??.??"]
1. e4 c5 2. Nf3 g6 3. c3 Bg7 4. d4 cxd4 5. cxd4 d5 6. e5 Bg4 7. Be2 e6 8. h3
Bxf3 9. Bxf3 Nc6 10. Be3 Qb6 11. Qd2 Nge7 12. Nc3 Nf5 13. O-O Ncxd4 14. Bxd4
Qxd4 15. Qe2 O-O 16. Rfe1 Rac8 17. Nb5 Qb6 18. Qd3 a6 19. Nc3 Qxb2 20. Na4 Qd4
21. Qxd4 Nxd4 22. Bd1 Nc2 23. Bxc2 Rxc2 24. Nb6 Rd8 25. f4 Bf8 26. Kh2 Bc5 27.
Na4 Bf2 28. Rec1 Rdc8 0-1

[Event "Superettan(Rock,Sthlm II-Rock,Umea)"]
[Site "?"]
[Date "2016.01.17"]
[Round "6"]
[White "Malmstig, Erik"]
[Black "Sandbom, Jonas"]
[Result "1-0"]
[WhiteElo "2278"]
[BlackElo "2097"]
[PlyCount "51"]
[EventDate "2016.??.??"]
1. Nf3 Nf6 2. g3 g6 3. Bg2 Bg7 4. c4 O-O 5. O-O d5 6. cxd5 Nxd5 7. d4 Nc6 8. e4
Nb6 9. d5 Na5 10. Nc3 c6 11. Bg5 cxd5 12. exd5 h6 13. Bf4 Nac4 14. Qe2 g5 15.
Bc1 Bf5 16. Rd1 Rc8 17. h4 g4 18. Nd4 Bxd4 19. Rxd4 h5 20. a4 e5 21. Rd1 Qe7
22. a5 Nd7 23. a6 bxa6 24. Rxa6 Nb8 25. Rh6 Bg6 26. Bg5 1-0

[Event "Superettan(Rock,Sthlm II-Rock,Umea)"]
[Site "?"]
[Date "2016.01.17"]
[Round "6"]
[White "Backman, Michael"]
[Black "Johansson, David"]
[Result "1-0"]
[WhiteElo "2053"]
[BlackElo "2144"]
[PlyCount "57"]
[EventDate "2016.??.??"]
1. d4 Nf6 2. c4 c5 3. d5 e6 4. Nc3 exd5 5. cxd5 d6 6. e4 g6 7. f4 Bg7 8. Bb5+
Nfd7 9. Nf3 a6 10. Bd3 b5 11. a3 O-O 12. O-O Re8 13. Bd2 Nf6 14. Qe1 b4 15.
axb4 cxb4 16. Na4 Nxe4 17. Bxe4 f5 18. Ng5 fxe4 19. Be3 a5 20. Nb6 Ra6 21. Nxc8
Qxc8 22. f5 gxf5 23. Rc1 Qd7 24. Qh4 Bf6 25. Qh5 Re7 26. Ne6 Rxe6 27. Qxf5 Re8
28. Qxf6 Qg7 29. Qe6+ 1-0

[Event "Superettan(Rock,Sthlm II-Rock,Umea)"]
[Site "?"]
[Date "2016.01.17"]
[Round "6"]
[White "Nygren, David"]
[Black "Nikolic, Vladan"]
[Result "1/2-1/2"]
[WhiteElo "2175"]
[BlackElo "2040"]
[PlyCount "92"]
[EventDate "2016.??.??"]
1. e4 e6 2. d4 d5 3. Nc3 Nf6 4. e5 Nfd7 5. f4 c5 6. Nf3 Nc6 7. Be3 cxd4 8. Nxd4
Bc5 9. Qd2 a6 10. O-O-O Nxd4 11. Bxd4 O-O 12. Kb1 b5 13. Bxc5 Nxc5 14. Qe3 Qc7
15. Bd3 b4 16. Ne2 Bd7 17. Nd4 Bb5 18. f5 b3 19. axb3 Bxd3 20. cxd3 exf5 21.
Rc1 f4 22. Qg1 Qb6 23. Ne2 Rac8 24. Qd4 Qb5 25. Nc3 Qxd3+ 26. Qxd3 Nxd3 27. Rc2
d4 28. Nd5 Rxc2 29. Kxc2 Nxe5 30. Ra1 f3 31. gxf3 Rd8 32. Rxa6 h6 33. f4 d3+
34. Kd2 Nf3+ 35. Kxd3 Rxd5+ 36. Ke4 Rb5 37. Kxf3 Rxb3+ 38. Kg4 Rxb2 39. h4 Rb3
40. Ra8+ Kh7 41. h5 Rb1 42. Ra7 Rg1+ 43. Kf3 Rh1 44. Rxf7 Rxh5 45. Ra7 Rb5 46.
Kg4 Rc5 1/2-1/2

[Event "Superettan(Rock,Sthlm II-Rock,Umea)"]
[Site "?"]
[Date "2016.01.17"]
[Round "6"]
[White "Hanoman, Tony"]
[Black "Mardell, Jimmy"]
[Result "0-1"]
[WhiteElo "1985"]
[BlackElo "2106"]
[PlyCount "94"]
[EventDate "2016.??.??"]
1. e4 c5 2. Nf3 d6 3. d4 cxd4 4. Nxd4 Nf6 5. Nc3 g6 6. Be2 Bg7 7. Nb3 Nc6 8.
O-O O-O 9. Bg5 Be6 10. Kh1 Rc8 11. f4 a6 12. Bf3 Qc7 13. Nd5 Bxd5 14. exd5 Na5
15. Nxa5 Qxa5 16. c3 Qb5 17. Qd2 Rc5 18. Rad1 Qc4 19. Rfe1 Re8 20. a3 Qb3 21.
Bxf6 Bxf6 22. Re4 Qb6 23. Rb4 Qc7 24. Qd3 Rc8 25. Bg4 Rb8 26. Re4 b5 27. Bf3
Qb6 28. h3 Rbc8 29. Qe2 Rc4 30. g4 Rxe4 31. Bxe4 Kf8 32. g5 Bg7 33. f5 Be5 34.
fxg6 hxg6 35. Rf1 Kg7 36. Qf3 Rf8 37. Qg4 Qe3 38. Kg2 a5 39. h4 b4 40. axb4
axb4 41. cxb4 Rb8 42. Qf3 Qxf3+ 43. Rxf3 Rxb4 44. Re3 Rxb2+ 45. Kh3 Rh2+ 46.
Kg4 f5+ 47. gxf6+ exf6 0-1

[Event "Superettan(Rock,Sthlm II-Rock,Umea)"]
[Site "?"]
[Date "2016.01.17"]
[Round "6"]
[White "Wickstrom, Lucas"]
[Black "Berovski, Krum"]
[Result "1/2-1/2"]
[WhiteElo "2379"]
[BlackElo "2316"]
[PlyCount "53"]
[EventDate "2016.??.??"]
1. d4 Nf6 2. c4 e6 3. Nf3 Bb4+ 4. Nbd2 O-O 5. a3 Be7 6. e4 d5 7. e5 Nfd7 8. Bd3
c5 9. h4 h6 10. dxc5 Nc6 11. Qe2 Nxc5 12. Bb1 a5 13. Nb3 Nxb3 14. Qc2 f5 15.
exf6 Bxf6 16. Qxb3 dxc4 17. Qxc4 Nd4 18. Nxd4 Bxd4 19. O-O Qf6 20. Be3 Bxe3 21.
fxe3 Qxf1+ 22. Qxf1 Rxf1+ 23. Kxf1 Kf7 24. Be4 Ke7 25. Ke2 Bd7 26. Rc1 Rc8 27.
Rxc8 1/2-1/2

[Event "Superettan(Rock,Sthlm II-Rock,Umea)"]
[Site "?"]
[Date "2016.01.17"]
[Round "6"]
[White "Bryntze, Stefan"]
[Black "Petrov, Marijan"]
[Result "0-1"]
[WhiteElo "2166"]
[BlackElo "2465"]
[PlyCount "76"]
[EventDate "2016.??.??"]
1. b3 e5 2. Bb2 Nc6 3. e3 Nf6 4. Bb5 Bd6 5. Ne2 a6 6. Bxc6 dxc6 7. Ng3 O-O 8.
Nc3 Nd5 9. Qe2 f5 10. O-O-O Qe7 11. Kb1 a5 12. f4 a4 13. Nxd5 cxd5 14. Qd3 c6
15. fxe5 Bxe5 16. Bxe5 Qxe5 17. Qd4 Qxd4 18. exd4 f4 19. Ne2 axb3 20. axb3 Bg4
21. Rde1 Bxe2 22. Rxe2 Rae8 23. Rhe1 Rxe2 24. Rxe2 g5 25. h3 Kf7 26. Kc1 Re8
27. Kd1 Rxe2 28. Kxe2 Kf6 29. d3 Kf5 30. Kf3 h5 31. g4+ fxg3 32. Kxg3 b6 33. c3
b5 34. b4 Kf6 35. Kf3 Ke6 36. Kf2 h4 37. Kg2 Kf5 38. Kf3 g4+ 0-1

[Event "Superettan(Malmo-Kamraterna)"]
[Site "?"]
[Date "2016.01.16"]
[Round "4"]
[White "Andreasson, Ingvar"]
[Black "Schandorff, Lars"]
[Result "0-1"]
[WhiteElo "2375"]
[BlackElo "2506"]
[PlyCount "98"]
[EventDate "2016.??.??"]
1. Nf3 d5 2. g3 Nf6 3. Bg2 c6 4. O-O Bf5 5. d3 e6 6. c4 Nbd7 7. Be3 Bd6 8. Qb3
Qb8 9. Nc3 O-O 10. a3 h6 11. Qa2 a5 12. Nh4 Bh7 13. cxd5 exd5 14. Bh3 Re8 15.
Nf5 Be5 16. Bd2 Bxc3 17. Bxc3 Bxf5 18. Bxf5 Rxe2 19. Qb3 Qc7 20. Rae1 Ree8 21.
Qa4 b6 22. Qh4 Qd6 23. d4 Nf8 24. Bc2 Ng6 25. Qh3 Ne4 26. Qf5 Nxc3 27. bxc3 Nf8
28. a4 g6 29. Qd3 Kg7 30. Rb1 Nd7 31. h4 h5 32. Bd1 Re6 33. Bf3 Rae8 34. c4
dxc4 35. Qxc4 c5 36. Rfd1 cxd4 37. Qxd4+ Qxd4 38. Rxd4 Re1+ 39. Rxe1 Rxe1+ 40.
Kg2 Nc5 41. Bc6 Kf6 42. Rd8 Rb1 43. Ra8 Rb2 44. Ra7 Nd3 45. Be8 Rxf2+ 46. Kg1
Kg7 47. Bb5 Rf3 48. Kg2 Ne1+ 49. Kg1 Nc2 0-1

[Event "Superettan(Rockaden,Umea-Vasteras II)"]
[Site "?"]
[Date "2016.01.16"]
[Round "4"]
[White "Janse, Love"]
[Black "Forsberg, Viktor"]
[Result "0-1"]
[WhiteElo "2156"]
[BlackElo "2370"]
[PlyCount "84"]
[EventDate "2016.??.??"]
1. e4 e5 2. Nc3 Nf6 3. Bc4 Bc5 4. d3 c6 5. f4 d6 6. Nf3 b5 7. Bb3 Nbd7 8. Rf1
O-O 9. fxe5 dxe5 10. Bg5 a5 11. a3 a4 12. Ba2 b4 13. axb4 Bxb4 14. Qc1 a3 15.
Bd2 axb2 16. Qxb2 Rb8 17. Qc1 Qe7 18. Bc4 Ng4 19. Ke2 Nc5 20. Nd1 Be6 21. Bxe6
Nxe6 22. c3 Bd6 23. h3 Nf6 24. g4 Rfd8 25. Ng5 Nc5 26. Qc2 Nb3 27. Ra4 Nxd2 28.
Qxd2 h6 29. Nf3 Bc5 30. Ne3 Bxe3 31. Qxe3 Rb2+ 32. Nd2 Nd7 33. Ra7 Qd6 34. Kf3
Nc5 35. Nc4 Qf6+ 36. Kg3 Qxf1 37. Nxb2 Nxd3 38. Nc4 Nf4 39. Nxe5 Qxh3+ 40. Kf2
Qg2+ 41. Ke1 Rb8 42. Ra1 Rb2 0-1

[Event "Superettan(Upsala-Solna)"]
[Site "?"]
[Date "2016.01.16"]
[Round "4"]
[White "Steneskog, Per"]
[Black "Burwick, Malte"]
[Result "1-0"]
[WhiteElo "2176"]
[BlackElo "2234"]
[PlyCount "141"]
[EventDate "2016.??.??"]
1. d4 d6 2. c4 g6 3. e4 e5 4. Nf3 Nd7 5. Nc3 Bg7 6. Be2 h6 7. O-O Ne7 8. Be3
O-O 9. dxe5 dxe5 10. Qd2 Kh7 11. Rfd1 c6 12. Qd6 Qe8 13. Rd2 f5 14. Rad1 f4 15.
Bc5 Bf6 16. Ba3 Ng8 17. c5 Rf7 18. Bc4 Re7 19. b4 a6 20. Bb2 h5 21. Na4 Kg7 22.
Qd3 Nh6 23. Qb3 g5 24. Rd6 g4 25. Ne1 Nf7 26. Bxf7 Rxf7 27. Qd3 Rb8 28. Qd2 Nf8
29. Nb6 Be6 30. Bc3 Ng6 31. Qb2 Kh7 32. Nd3 Re7 33. Nxe5 Bxe5 34. Bxe5 Bb3 35.
axb3 Nxe5 36. Qd2 Qf7 37. Nd7 Nxd7 38. Rxd7 Rbe8 39. Qd3 Rxd7 40. Qxd7 Re7 41.
Qd3 Qg6 42. Re1 Qg7 43. Qd6 Qf7 44. Qd4 Kg6 45. Qd6+ Re6 46. Qd3 Re7 47. Rd1
Kg7 48. f3 Qg6 49. Qd8 Qe6 50. Qd4+ Qf6 51. Qxf6+ Kxf6 52. Kf2 h4 53. Rd6+ Kg5
54. h3 gxh3 55. gxh3 Rf7 56. Re6 Rd7 57. Rd6 Rf7 58. Ke2 Kh5 59. Kf2 Kg5 60.
Rd8 Kf6 61. Rh8 Ke5 62. Rxh4 Kd4 63. Rh5 Kc3 64. Rf5 Re7 65. Rxf4 Kxb4 66. h4
Kxb3 67. Ke3 a5 68. Rf8 a4 69. Ra8 Rh7 70. f4 Rxh4 71. f5 1-0

[Event "Superettan(Malmo-Kamraterna)"]
[Site "?"]
[Date "2016.01.16"]
[Round "4"]
[White "Johansson, Thomas"]
[Black "Svensson, Bengt"]
[Result "0-1"]
[WhiteElo "2167"]
[BlackElo "2339"]
[PlyCount "88"]
[EventDate "2016.??.??"]
1. e4 c5 2. Be2 Nc6 3. f4 d5 4. d3 Nf6 5. e5 Nd7 6. c3 e6 7. Nf3 d4 8. O-O Be7
9. Qe1 b6 10. Qg3 g6 11. Nbd2 Bb7 12. Ne4 dxc3 13. bxc3 c4 14. d4 Nxd4 15. cxd4
Bxe4 16. Bxc4 Rc8 17. Bb5 O-O 18. Be3 Nb8 19. Nd2 Qd5 20. Nxe4 Qxe4 21. Bf2 Nc6
22. Rad1 Nb4 23. Rfe1 Qb7 24. h4 Nxa2 25. f5 exf5 26. Be2 Nc3 27. Bf3 Qd7 28.
Rd3 Ne4 29. Qf4 Nxf2 30. Kxf2 Rc4 31. Bd1 Bc5 32. e6 fxe6 33. Kf1 Rxd4 34. Rxd4
Qxd4 35. Qg3 e5 36. Bb3+ Kg7 37. Rd1 f4 38. Qf3 Qg1+ 39. Ke2 Qe3+ 40. Qxe3 fxe3
41. Rd7+ Kh6 42. Bf7 Kh5 43. Rxa7 Kxh4 44. Be6 Rf2+ 0-1

[Event "Superettan(Rockaden,Umea-Vasteras II)"]
[Site "?"]
[Date "2016.01.16"]
[Round "4"]
[White "Eriksson, Jorgen"]
[Black "Backman, Andreas"]
[Result "1/2-1/2"]
[WhiteElo "2206"]
[BlackElo "2149"]
[PlyCount "86"]
[EventDate "2016.??.??"]
1. d4 e6 2. Nf3 d5 3. c4 c6 4. Qc2 Nf6 5. g3 Be7 6. Bg2 O-O 7. O-O b6 8. b3 Bb7
9. Bb2 Nbd7 10. Nbd2 Rc8 11. Rac1 c5 12. Qb1 cxd4 13. Nxd4 Bb4 14. Rfd1 Qe7 15.
Qa1 Nc5 16. Nc2 Bxd2 17. Bxf6 gxf6 18. Rxd2 dxc4 19. bxc4 Bxg2 20. Kxg2 Rfd8
21. Rcd1 Rxd2 22. Rxd2 Rd8 23. Rxd8+ Qxd8 24. Qd4 Qxd4 25. Nxd4 Ne4 26. Nb3 Nc3
27. Nc1 Kf8 28. Kf3 Ke7 29. Kg4 f5+ 30. Kh5 Kf8 31. Kh6 Kg8 32. f3 a5 33. Kg5
Kg7 34. Kf4 Kf6 35. Ke3 Ke5 36. Kd3 Na4 37. Nb3 Nb2+ 38. Kc3 Na4+ 39. Kd3 f4
40. g4 Nb2+ 41. Kc3 Nd1+ 42. Kd2 Ne3 43. Kd3 Kd6 1/2-1/2

[Event "Superettan(Upsala-Solna)"]
[Site "?"]
[Date "2016.01.16"]
[Round "4"]
[White "Thorgeirsson, Sverrir"]
[Black "Jonsson, Mikael"]
[Result "1-0"]
[WhiteElo "2283"]
[BlackElo "2284"]
[PlyCount "103"]
[EventDate "2016.??.??"]
1. d4 d5 2. Nf3 Nf6 3. c4 c6 4. e3 Bf5 5. Nc3 e6 6. Nh4 Bg6 7. Be2 Nbd7 8. O-O
Bd6 9. g3 Ne4 10. Nxg6 Nxc3 11. bxc3 hxg6 12. Rb1 dxc4 13. Bxc4 b6 14. e4 O-O
15. e5 Be7 16. f4 b5 17. Bd3 Nb6 18. g4 c5 19. f5 cxd4 20. fxg6 fxg6 21. Rxf8+
Bxf8 22. Qb3 Qd5 23. Qxd5 Nxd5 24. cxd4 a6 25. Bd2 Rc8 26. Rf1 Ba3 27. Bxg6 Rc7
28. Ba5 Rc4 29. Bf7+ Kh7 30. Rf3 Rc1+ 31. Kf2 Rc2+ 32. Ke1 Bc1 33. Bxe6 Rxa2
34. Bxd5 Rxa5 35. e6 Bg5 36. Rf7 Ra4 37. Be4+ Kh6 38. e7 Bxe7 39. Rxe7 Rxd4 40.
h4 Rd6 41. Bf5 a5 42. Re6+ Rxe6+ 43. Bxe6 Kg6 44. Kd2 Kf6 45. Bd7 b4 46. Ba4
Ke5 47. Ke3 Kd5 48. Bb3+ Ke5 49. h5 Kf6 50. Kf4 g6 51. hxg6 Kxg6 52. g5 1-0

[Event "Superettan(Malmo-Kamraterna)"]
[Site "?"]
[Date "2016.01.16"]
[Round "4"]
[White "Svenn, Gosta"]
[Black "Gajic, Mladen"]
[Result "1/2-1/2"]
[WhiteElo "2301"]
[BlackElo "2251"]
[PlyCount "167"]
[EventDate "2016.??.??"]
1. c4 g6 2. d4 Bg7 3. Nf3 d6 4. Nc3 Nc6 5. h3 e5 6. Bg5 Qd7 7. dxe5 Nxe5 8.
Nxe5 Bxe5 9. Qd2 f5 10. e4 Qf7 11. c5 h6 12. Bf4 Bxf4 13. Qxf4 g5 14. Qe3 f4
15. Qd4 Qf6 16. Qxf6 Nxf6 17. Nb5 Kd7 18. cxd6 cxd6 19. Bd3 a6 20. Nd4 Nxe4 21.
O-O Nc5 22. Bf5+ Kc7 23. Rfd1 Bxf5 24. Nxf5 Rad8 25. b4 Ne4 26. Rd4 d5 27. Rad1
Nf6 28. g3 fxg3 29. fxg3 Rde8 30. Kf2 h5 31. Kf3 Rhf8 32. g4 hxg4+ 33. hxg4 Rh8
34. R1d2 Rh3+ 35. Kg2 Reh8 36. Rc2+ Kb8 37. Re2 Rh2+ 38. Kf1 Rh1+ 39. Kf2 R8h2+
40. Kf3 Rxe2 41. Kxe2 Rh2+ 42. Kd3 Rxa2 43. Ne3 Ra3+ 44. Ke2 Rb3 45. Nxd5 Nxd5
46. Rxd5 Rxb4 47. Rxg5 Ka7 48. Kf3 Rb3+ 49. Kf2 Rc3 50. Rf5 Rc7 51. g5 b5 52.
g6 Kb6 53. Rg5 Rg7 54. Ke3 Ka5 55. Ke4 Ka4 56. Kf5 b4 57. Kf6 Rg8 58. Kf7 Rc8
59. g7 a5 60. Re5 b3 61. Re8 Rc7+ 62. Re7 Rxe7+ 63. Kxe7 b2 64. g8=Q b1=Q 65.
Kd6 Qb6+ 66. Kd7 Qd4+ 67. Kc6 Kb4 68. Qb8+ Kc3 69. Qg3+ Kb2 70. Qg2+ Kb3 71.
Qf3+ Kb4 72. Qf8+ Ka4 73. Qf5 Qc4+ 74. Kb6 Qb4+ 75. Kc6 Qc3+ 76. Kb6 Qe3+ 77.
Ka6 Qe2+ 78. Kb6 Qb2+ 79. Ka6 Qb4 80. Qc2+ Ka3 81. Qd3+ Kb2 82. Qb5 Qxb5+ 83.
Kxb5 Kb3 84. Kxa5 1/2-1/2

[Event "Superettan(Rockaden,Umea-Vasteras II)"]
[Site "?"]
[Date "2016.01.16"]
[Round "4"]
[White "Nordebrink, Johan"]
[Black "Malmstig, Erik"]
[Result "0-1"]
[WhiteElo "2147"]
[BlackElo "2278"]
[PlyCount "62"]
[EventDate "2016.??.??"]
1. e4 c5 2. c3 d6 3. d4 Nc6 4. Nf3 Nf6 5. d5 Nb8 6. h3 g6 7. Bf4 Bg7 8. Bd3 O-O
9. Qc2 e6 10. c4 exd5 11. cxd5 b5 12. Nfd2 c4 13. Be2 Na6 14. Nc3 Nb4 15. Qb1
Nh5 16. Bh2 Rb8 17. O-O Re8 18. Nxb5 Rxb5 19. Nxc4 Rxd5 20. Bxh5 Rxh5 21. Nxd6
Rf8 22. Rd1 Qg5 23. f4 Qc5+ 24. Kh1 Bxh3 25. Rd2 Be6 26. Qf1 Bxb2 27. Nb7 Qc3
28. Rad1 Qg3 29. Qg1 Bc3 30. Rf2 Bg4 31. Rd6 Rxh2+ 0-1

[Event "Superettan(Upsala-Solna)"]
[Site "?"]
[Date "2016.01.16"]
[Round "4"]
[White "Dalmau, Jorgen"]
[Black "Cederberg, Karl Olof"]
[Result "1/2-1/2"]
[WhiteElo "2130"]
[BlackElo "2179"]
[PlyCount "86"]
[EventDate "2016.??.??"]
1. e4 e5 2. Nf3 d6 3. d4 Nf6 4. Nc3 Nbd7 5. Bc4 Be7 6. O-O O-O 7. Re1 c6 8. a4
b6 9. d5 cxd5 10. Nxd5 Nxd5 11. Bxd5 Rb8 12. Be3 Nf6 13. a5 Nxd5 14. Qxd5 Bb7
15. Qd3 bxa5 16. Bd2 Bc6 17. Rxa5 Qd7 18. Bc3 Bd8 19. Ra2 Bb6 20. Rd1 Qb7 21.
Ba5 Bxe4 22. Qe2 Bxf3 23. Qxf3 Qxf3 24. gxf3 Bxa5 25. Rxa5 Rxb2 26. Rxd6 Rxc2
27. Rd7 Rc4 28. Rxe5 Ra4 29. Ree7 a5 30. Ra7 g6 31. Re5 Rf4 32. Kg2 Rc8 33.
Raxa5 Rc6 34. Re4 Rcf6 35. Rxf4 Rxf4 36. Kg3 Rb4 37. Ra3 Kg7 38. Rc3 h5 39. f4
Rb5 40. Ra3 Kf6 41. Kf3 Kf5 42. Rc3 f6 43. Ra3 Rc5 1/2-1/2

[Event "Superettan(Malmo-Kamraterna)"]
[Site "?"]
[Date "2016.01.16"]
[Round "4"]
[White "Nilsson, Anders"]
[Black "Borvander, Tom"]
[Result "1-0"]
[WhiteElo "2236"]
[BlackElo "2159"]
[PlyCount "84"]
[EventDate "2016.??.??"]
1. d4 Nf6 2. c4 g6 3. Nc3 Bg7 4. e4 d6 5. Be2 O-O 6. Nf3 e5 7. O-O Nc6 8. d5
Ne7 9. Ne1 Nd7 10. f3 f5 11. g4 h5 12. g5 h4 13. Kh1 Kf7 14. Nd3 Rh8 15. Be3
Bf8 16. f4 Bg7 17. fxe5 Nxe5 18. Nxe5+ Bxe5 19. Bd4 Kg7 20. Bxe5+ dxe5 21. Bf3
fxe4 22. Bxe4 Nf5 23. Qe2 Ng3+ 24. hxg3 hxg3+ 25. Kg1 Qxg5 26. Qf3 Bf5 27. Bxf5
Qh4 28. Bh3 Qxh3 29. Qg2 Qg4 30. Ne4 Rh4 31. Nxg3 Rah8 32. Rae1 Rh3 33. Re3
R8h4 34. b3 Kh6 35. Ref3 Qg5 36. R1f2 e4 37. Rc3 e3 38. Rf3 e2 39. Rce3 Qg4 40.
a4 Qd4 41. Qxe2 Rg4 42. Kg2 Rgh4 1-0

[Event "Superettan(Rockaden,Umea-Vasteras II)"]
[Site "?"]
[Date "2016.01.16"]
[Round "4"]
[White "Nygren, David"]
[Black "Gillefalk, Bjorn"]
[Result "1-0"]
[WhiteElo "2175"]
[BlackElo "2111"]
[PlyCount "55"]
[EventDate "2016.??.??"]
1. e4 e6 2. d4 d5 3. Nc3 Nf6 4. e5 Nfd7 5. f4 c5 6. Nf3 Nc6 7. Be3 Be7 8. Qd2
O-O 9. dxc5 Bxc5 10. Bxc5 Nxc5 11. Bd3 f6 12. O-O fxe5 13. fxe5 Bd7 14. Kh1 Qe7
15. Ne2 Be8 16. Nf4 g5 17. Ne2 g4 18. Nfd4 Rxf1+ 19. Rxf1 Nxe5 20. Qe3 Nexd3
21. Nf5 Qd8 22. Nh6+ Kg7 23. cxd3 Bg6 24. Nxg4 Nxd3 25. Nd4 Qb6 26. Qh6+ Kg8
27. Nf6+ Kh8 28. Ne8 1-0

[Event "Superettan(Upsala-Solna)"]
[Site "?"]
[Date "2016.01.16"]
[Round "4"]
[White "Johansson, Thomas"]
[Black "Lindborg, Petter"]
[Result "1-0"]
[WhiteElo "2219"]
[BlackElo "2210"]
[PlyCount "62"]
[EventDate "2016.??.??"]
1. d4 e6 2. c4 f5 3. g3 Nf6 4. Bg2 c6 5. Nd2 d5 6. Nh3 Bd6 7. O-O O-O 8. Qc2
Qe7 9. Nf3 b6 10. Bf4 Ba6 11. b3 Rc8 12. Bxd6 Qxd6 13. Rac1 Nbd7 14. Qb2 Ne4
15. Rfd1 Rd8 16. Nf4 Bb7 17. Nd3 a5 18. Nfe5 Nxe5 19. Nxe5 c5 20. e3 a4 21. Bf1
axb3 22. axb3 Ra5 23. dxc5 bxc5 24. cxd5 exd5 25. Nc4 Qa6 26. Nxa5 Qxa5 27. Qe5
Nd2 28. Rxd2 Qxd2 29. Qe7 Rc8 30. Qxb7 Re8 31. Rxc5 h6 1-0

[Event "Superettan(Malmo-Kamraterna)"]
[Site "?"]
[Date "2016.01.16"]
[Round "4"]
[White "Svenn, Matti"]
[Black "Lindahl, Jonas"]
[Result "0-1"]
[WhiteElo "2157"]
[BlackElo "2116"]
[PlyCount "56"]
[EventDate "2016.??.??"]
1. e4 e6 2. d4 d5 3. e5 c5 4. Nf3 Nc6 5. Bd3 Nge7 6. O-O Nxd4 7. Nxd4 cxd4 8.
Re1 Nc6 9. a3 g6 10. Nd2 Bg7 11. Nf3 O-O 12. Bg5 f6 13. Bh4 Qb6 14. exf6 Bxf6
15. Bxf6 Rxf6 16. b4 a6 17. Ne5 Nxe5 18. Rxe5 Bd7 19. Qe2 Raf8 20. f3 Rc8 21.
h4 Ba4 22. Qf2 h6 23. h5 g5 24. Bg6 Rc3 25. Kh1 Rf4 26. Rae1 Bd7 27. Qg3 Rh4+
28. Kg1 d3+ 0-1

[Event "Superettan(Rockaden,Umea-Vasteras II)"]
[Site "?"]
[Date "2016.01.16"]
[Round "4"]
[White "Ylonen, Anders"]
[Black "Mardell, Jimmy"]
[Result "1-0"]
[WhiteElo "2086"]
[BlackElo "2106"]
[PlyCount "79"]
[EventDate "2016.??.??"]
1. e4 c5 2. Nf3 d6 3. Bb5+ Bd7 4. Bxd7+ Qxd7 5. O-O Nc6 6. Qe2 Nf6 7. Rd1 e6 8.
c4 Be7 9. d4 cxd4 10. Nxd4 a6 11. Nc2 Qc7 12. b3 O-O 13. Bb2 Rfd8 14. Nc3 Rab8
15. Rac1 Qa5 16. Rd3 b5 17. cxb5 axb5 18. Rg3 b4 19. Na4 Ne5 20. f4 Ng6 21. f5
Nf4 22. Qf3 e5 23. Nd4 exd4 24. Qxf4 Qe5 25. Qf3 Nxe4 26. Re1 d5 27. Rg4 Bf8
28. Qd3 Qxf5 29. Qe2 d3 30. Qd1 Qf2+ 31. Kh1 Rdc8 32. Qa1 Qa7 33. Bd4 d2 34.
Bxa7 dxe1=Q+ 35. Qxe1 Rb7 36. Nb6 Rd8 37. Nxd5 Rxd5 38. Rxe4 Rbd7 39. Bg1 Rd1
40. Qf2 1-0

[Event "Superettan(Upsala-Solna)"]
[Site "?"]
[Date "2016.01.16"]
[Round "4"]
[White "Bjarnehag, Peter"]
[Black "Svensson, Mans"]
[Result "1/2-1/2"]
[WhiteElo "2125"]
[BlackElo "2135"]
[PlyCount "70"]
[EventDate "2016.??.??"]
1. Nf3 Nf6 2. c4 e6 3. g3 d5 4. Bg2 Be7 5. d4 O-O 6. O-O Nbd7 7. Qc2 dxc4 8.
Nbd2 c5 9. dxc5 Nxc5 10. Nxc4 Nd5 11. Bd2 Bd7 12. Rfd1 Qe8 13. Rac1 Rc8 14. Qb1
Bb5 15. b3 b6 16. e4 Nf6 17. e5 Nd5 18. Ng5 g6 19. Nf3 Qd7 20. Bg5 Ba6 21. h4
Kg7 22. Bxe7 Qxe7 23. Ng5 h6 24. Ne4 Nxe4 25. Bxe4 Bxc4 26. bxc4 Nb4 27. Qb2
Na6 28. Bg2 Nc5 29. Rd2 Kh7 30. Rcd1 Rc7 31. Qa3 Rfc8 32. Qb4 Kg7 33. Qa3 Rf8
34. Kh2 Rfc8 35. Kg1 Rf8 1/2-1/2